Engendering Violence in Papua New Guinea (Record no. 351099)
[ view plain ]
| 000 -LEADER | |
|---|---|
| fixed length control field | 00542nam a2200121Ia 4500 |
| 008 - FIXED-LENGTH DATA ELEMENTS--GENERAL INFORMATION | |
| fixed length control field | 171212s9999 xx 000 0 und d |
| 020 ## - INTERNATIONAL STANDARD BOOK NUMBER | |
| International Standard Book Number | 9781921862854 |
| 245 ## - TITLE STATEMENT | |
| Statement of responsibility, etc | editor Jolly, Margaret;Stewart, Christine;Brewer, Carolyn |
| Title | Engendering Violence in Papua New Guinea |
| 260 ## - PUBLICATION, DISTRIBUTION, ETC. (IMPRINT) | |
| Name of publisher, distributor, etc | ANU E Press |
| Date of publication, distribution, etc | 2012 |
| 650 ## - SUBJECT ADDED ENTRY--TOPICAL TERM | |
| Topical term or geographic name as entry element | Family violence -- Papua New Guinea; Social psychology -- Papua New Guinea; Social adjustment -- Papua New Guinea; Papua New Guinea -- Social conditions |
| 650 ## - SUBJECT ADDED ENTRY--TOPICAL TERM | |
| Topical term or geographic name as entry element | Sociology |
| 856 ## - ELECTRONIC LOCATION AND ACCESS | |
| Uniform Resource Identifier | <a href="www.jstor.org/stable/10.2307/j.ctt24hcwt">www.jstor.org/stable/10.2307/j.ctt24hcwt</a> |
| Withdrawn status | Lost status | Damaged status | Home library | Current library | Date acquired | Total Checkouts | Date last seen | Price effective from | Koha item type |
|---|---|---|---|---|---|---|---|---|---|
| College Library | College Library | 12/12/2017 | 12/12/2017 | 12/12/2017 | Curriculum - Based eBooks |